000 00314nam a2200121Ia 4500
008 190216s9999||||xx |||||||||||||| ||und||
100 _aAswathappa
245 0 _aEssentials Of Production Management
260 _bTata Mcgraw Hill Publishing Company Ltd
_c1998
300 _a411p
650 _aManagement
942 _cBK
999 _c6471
_d6471